Se eu fosse você, o que faria como novo gestor de pessoas (Record no. 190153)

MARC details
000 -LÍDER
campo de controle de tamanho fixo 00453 a2200169 4500
001 - NÚMERO DE CONTROLE
campo de controle 190153
020 ## - ISBN - INTERNATIONAL STANDARD BOOK NUMBER
ISBN - International Standard Book Number 978-85-352-3415-2
040 ## - FONTE DA CATALOGAÇÃO
Instituição que transcreveu o registro Magnum
100 ## - ENTRADA PRINCIPAL--NOME PESSOAL
Nome pessoal Rosa, Luiz Edmundo
240 10 - TÍTULO UNIFORME
Título uniforme Se eu fosse você, o que faria como novo gestor de pessoas
Idioma da obra por
245 10 - TÍTULO
Título Se eu fosse você, o que faria como novo gestor de pessoas
300 ## - DESCRIÇÃO FÍSICA
Extensão 114
362 0# - DATAS DE PUBLICAÇÃO E/OU DESIGNAÇÃO SEQUENCIAL
Datas de publicação e/ou designação sequencial 2009
440 #1 - DECLARAÇÃO DE SÉRIE/ENTRADA ADICIONADA--TÍTULO
Título Elsevier
697 ## - ENTRADA DE ASSUNTO LOCAL--ENTIDADE COLETIVA (RLIN)
Nome corporativo ou nome da jurisdição ECONOMIA E DISCIPLINAS AFINS
942 ## - ELEMENTOS DE ENTRADA ADICIONADOS (KOHA)
Tipo de material Koha Livros
Holdings
Situação do descarte Situação das perdas Situação física Não pode ser emprestado Biblioteca de origem Biblioteca atual Data de aquisição Total de empréstimos Número de chamada completo Código de barras Data de último acesso Data do preço efetivo Tipo de material Koha
        Magnum Magnum 08/06/2024   330.11 MAG00066180 08/06/2024 08/06/2024 Livros